000 00915cam a22002534a 4500
001 4049869
005 20180221072403.0
008 990624s2000 njua b 001 0 eng
010 _a 99038210
020 _a0130115703
040 _aDLC
_cDLC
_dDLC
041 _aeng
042 _apcc
080 _a658.155 SUL
082 0 0 _a658.155 SUL
_221
100 1 _a54
101 _aMEN
245 1 0 _aEngineering economy /
_cWilliam G. Sullivan, James A. Bontadelli, Elin M. Wicks ; with a foreword by E. Paul DeGarmo.
504 _aIncludes bibliographical references (p. 647-649) and index.
906 _a7
_bcbc
_corignew
_d1
_eocip
_f19
_gy-gencatlg
942 _2ddc
_cBK
999 _c43050
_d43050